Propuesta de un plan estratégico para la mejora en el proceso de importaciones y compras en la empresa Suministros Eléctricos S.A
Presenta propuesta de un plan estratégico para la empresa en el proceso de importaciones y compras en la empresa Suministros Eléctricos, contiene diagnóstico del proceso de importaciones y compras identificando los elementos de la organización.
| Main Authors: | , |
|---|---|
| Other Authors: | |
| Format: | Tesis Section = Libro |
| Language: | Undetermined Spanish |
| Published: |
Managua
UNI
2011
|
| Subjects: |
| LEADER | 01112nam a2200253Ia 4500 | ||
|---|---|---|---|
| 008 | 240830s9999 xx 000 0 und d | ||
| 040 | |a BIBLIOTECA-RUPAP T.Mon 658.4012 J25 | ||
| 041 | |a spa | ||
| 082 | |a T.Mon 658.4012 J25 | ||
| 100 | 1 | |a Jaime Guido, Marbelly del Carmen | |
| 100 | 1 | |b Martínez Reyes, Karen Yaoska | |
| 245 | 1 | 0 | |a Propuesta de un plan estratégico para la mejora en el proceso de importaciones y compras en la empresa Suministros Eléctricos S.A |
| 260 | |a Managua |b UNI |c 2011 | ||
| 300 | |a 37 p. :il. | ||
| 500 | |a Contiene: anexos. | ||
| 502 | |a Tesis (Ingeniero de Sistemas)- UNI, 2011. | ||
| 520 | 3 | |a Presenta propuesta de un plan estratégico para la empresa en el proceso de importaciones y compras en la empresa Suministros Eléctricos, contiene diagnóstico del proceso de importaciones y compras identificando los elementos de la organización. | |
| 650 | 7 | |a PLANIFICACION ESTRATEGICA | |
| 650 | 7 | |b PLANEACION - CONTROL DE OPERACIONES | |
| 650 | 7 | |c ADMINISTRACION ESTRATEGICA | |
| 700 | 1 | |a Tutor: |b Siles Huerta, José Manuel | |
| 942 | |c BK |2 ddc | ||
| 991 | |a TESIS | ||
| 999 | |c 18581 | ||